| 000 | 00651cam a22002173a 4500 | ||
|---|---|---|---|
| 001 | 36277 | ||
| 003 | PGUSA | ||
| 005 | 20140828083802.0 | ||
| 008 | 110601s2011||||xxu|||||s|||||000 | eng d | ||
| 040 |
_aPGUSA _beng |
||
| 042 | _adc | ||
| 100 | 1 |
_aOliphant, Laurence, _d1829-1888 |
|
| 245 | 1 | 0 |
_aPiccadilly : _bA Fragment of Contemporary Biography _h[electronic resource] / _cLaurence Oliphant |
| 260 |
_bProject Gutenberg, _c2011 |
||
| 506 | _aPublic domain in the USA. | ||
| 516 | _aElectronic text | ||
| 700 | 1 |
_aDoyle, Richard, _d1824-1883 |
|
| 830 | 0 |
_aProject Gutenberg _v36277 |
|
| 856 | 4 | 0 | _uhttp://www.gutenberg.org/ebooks/36277 |
| 942 | _cEB | ||
| 999 |
_c265532 _d265532 |
||